BSOP header

Views on Philippine revolution / (Record no. 20984)

MARC details
000 -LEADER
fixed length control field 00907nam a2200181 4500
008 - FIXED-LENGTH DATA ELEMENTS--GENERAL INFORMATION
fixed length control field 040823s2002 ph eng
020 ## - INTERNATIONAL STANDARD BOOK NUMBER
International Standard Book Number 9719241012 (v.1- Php400)
020 ## - INTERNATIONAL STANDARD BOOK NUMBER
International Standard Book Number 9719241020 (v.2- Php300)
090 ## - LOCALLY ASSIGNED LC-TYPE CALL NUMBER (OCLC); LOCAL CALL NUMBER (OCLC)
Classification number (OCLC) (R) ; Classification number, CALL (RLIN) (NR) DS674
Local cutter number (OCLC) ; Book number/undivided call number, CALL (RLIN) Al1v
100 1# - MAIN ENTRY--PERSONAL NAME
Personal name Alcantara, Teresita Antonio
245 10 - TITLE STATEMENT
Title Views on Philippine revolution /
Statement of responsibility, etc Teresita Antonio Alcantara; editor:
Remainder of title Lydia Arcella.
260 ## - PUBLICATION, DISTRIBUTION, ETC. (IMPRINT)
Place of publication, distribution, etc Quezon City :
Name of publisher, distributor, etc UP Press; Toyota Foundation,
Date of publication, distribution, etc c2002.
300 ## - PHYSICAL DESCRIPTION
Extent 2 volumes
505 0# - FORMATTED CONTENTS NOTE
Formatted contents note Contents: vol.1-General Blanco and the Insurrection.-Decrees.-The Four Truths.-The Origin and Cuases of the Philippine Revolution.-The Religion of the Katipunan on the Old Beliefs of the Filipinos.-vol. 2.-The Capture of Manila.-The Three Martyrs of Cavite.
651 #4 - SUBJECT ADDED ENTRY--GEOGRAPHIC NAME
Geographic name Philippines
General subdivision History
Chronological subdivision Insurrection,1896-1898.
951 ## - EQUIVALENCE OR CROSS-REFERENCE-GEOGRAPHIC NAME/AREA NAME [OBSOLETE] [CAN/MARC only]
General subdivision 00029714
700 1# - ADDED ENTRY--PERSONAL NAME
Personal name Arcella, : Lydia
951 ## - EQUIVALENCE OR CROSS-REFERENCE-GEOGRAPHIC NAME/AREA NAME [OBSOLETE] [CAN/MARC only]
-- 27436
-- DS674/Al1v-I
-- 070613111412546
-- 2000-12-21
-- FIL
Holdings
Withdrawn status Lost status Damaged status Not for loan Home library Current library Shelving location Date acquired Accession number Shelving control number Total Checkouts Full call number Barcode Date last seen Price effective from Koha item type
        BSOP Library BSOP Library Filipiniana 12/21/2000 27436 127   DS674/Al1v-I 00029714 02/23/2013 02/23/2013 Books
BSOP

Biblical Seminary of the Philippines
  All rights Reserved
  © 2024

CONTACT INFORMATION

Biblical Seminary of the Philippines,
  77-B Karuhatan Road, Valenzuela City,
  PHILIPPINES 1441
  Phone: +632 8292-6795 / 8292-6798
  Fax : +632 8292-6675
  Email: library@bsop.edu.ph